Normal view
MARC view
- قواعد اللغة - اللغة العربية - النقد الادبي - التحليل الادبي - التراجم
Entry Topical Term
001 - CONTROL NUMBER
- control field: 20739
003 - CONTROL NUMBER IDENTIFIER
- control field: JO-AjAnu
005 - DATE AND TIME OF LATEST TRANSACTION
- control field: 20230606073613.0
008 - FIXED-LENGTH DATA ELEMENTS
- fixed length control field: 230606|| aca||aabn | a|a d
040 ## - CATALOGING SOURCE
- Original cataloging agency: JO-AjAnu
- Transcribing agency: JO-AjAnu
150 ## - HEADING--TOPICAL TERM
- Topical term or geographic name entry element: قواعد اللغة - اللغة العربية - النقد الادبي - التحليل الادبي - التراجم
670 ## - SOURCE DATA FOUND
- Source citation: Work cat.: (JO-AjAnu)10653: دراسة وتقديم الزبيدي، سعيد جاسم, author 20738, نحوي مجهول في القرن العشرين: الشيخ يوسف كركوش 1906-1990م وكتابه رأي في الإعراب